[Event "Stare Mesto OPEN"]
[Site "?"]
[Date "2004.08.18"]
[Round "7.10"]
[White "Rat, Dan Ovidiu"]
[Black "Borovicka, Bohumil"]
[Result "1-0"]
[WhiteElo "2306"]
[BlackElo "2073"]
[PlyCount "137"]
[EventDate "2004.08.18"]
[SourceDate "2004.08.18"]

1. d4 e6 2. c4 d5 3. Qc2 f5 4. g3 Nf6 5. Bg2 c6 6. Nh3 Bd6 7. O-O O-O 8. Bf4
Qe7 9. Nd2 Ne4 10. Nf3 Nd7 11. Bxd6 Qxd6 12. Nf4 Ndf6 13. c5 Qe7 14. Ne5 Nd7
15. Nfd3 Ng5 16. b4 Nxe5 17. dxe5 Bd7 18. a4 a6 19. Rab1 Nf7 20. e3 g5 21. f3
h5 22. Qc3 Nh6 23. Nc1 Kg7 24. Ne2 Rh8 25. e4 fxe4 26. fxe4 Rhf8 27. Nd4 Rxf1+
28. Rxf1 Rf8 29. exd5 Rxf1+ 30. Bxf1 cxd5 31. b5 axb5 32. axb5 Kf8 33. Qf3+ Kg7
34. Qc3 Kf7 35. Qa3 Nf5 36. Nb3 b6 37. Qa7 bxc5 38. Nxc5 Bc8 39. b6 Nd4 40. Ba6
Bxa6 41. Nxa6 Nf3+ 42. Kf2 Nxe5 43. Qxe7+ Kxe7 44. b7 Nc6 45. b8=Q Nxb8 46.
Nxb8 Kd6 47. Ke3 Ke5 48. h3 Kf5 49. Nc6 e5 50. Ne7+ Ke6 51. Nc8 Kf5 52. Nd6+
Ke6 53. Nb7 Kf5 54. Nc5 Kf6 55. g4 hxg4 56. hxg4 Ke7 57. Nd3 Kd6 58. Ne1 Ke6
59. Nf3 Kf6 60. Ng1 Kf7 61. Kd3 Kf6 62. Nh3 Kg6 63. Kd2 Kf6 64. Kc3 Kg6 65. Kb4
e4 66. Kc3 e3 67. Kd3 d4 68. Ng1 Kf6 69. Kxd4 1-0

[Event "Stare Mesto OPEN"]
[Site "?"]
[Date "2004.08.18"]
[Round "7.11"]
[White "Vyskocil, Neklan"]
[Black "Mojzis, Jaroslav"]
[Result "1/2-1/2"]
[WhiteElo "2305"]
[BlackElo "2217"]
[PlyCount "136"]
[EventDate "2004.08.18"]
[SourceDate "2004.08.18"]

1. d4 Nf6 2. Nf3 e6 3. c4 b6 4. g3 Ba6 5. Qa4 Be7 6. Bg2 Bb7 7. O-O O-O 8. Qc2
c5 9. dxc5 Be4 10. Qb3 Bxc5 11. Nc3 Bc6 12. Qc2 Be7 13. Bf4 Qc8 14. a3 d6 15.
Rad1 Rd8 16. b4 a6 17. Qb3 Nh5 18. Be3 Nd7 19. Rc1 Rb8 20. Rfd1 Ba8 21. Na4
Nhf6 22. h3 Qc7 23. g4 Rdc8 24. Bf4 Nf8 25. Qd3 e5 26. Bg3 e4 27. Bxd6 exd3 28.
Bxc7 dxe2 29. Bxb8 exd1=Q+ 30. Rxd1 Rxb8 31. Ne5 Bxg2 32. Kxg2 b5 33. Nc6 Rb7
34. cxb5 axb5 35. Nc3 Ne6 36. Nxe7+ Rxe7 37. Nxb5 Nf4+ 38. Kf3 Ne6 39. Rc1 h6
40. a4 Ng5+ 41. Kg2 Re4 42. a5 Rxb4 43. a6 Rxb5 44. a7 Ra5 45. Rc8+ Kh7 46.
a8=Q Rxa8 47. Rxa8 Ne6 48. Ra7 Kg6 49. Kg3 Ne4+ 50. Kf3 N4g5+ 51. Kg3 Ne4+ 52.
Kf3 N6g5+ 53. Kg2 Nxh3 54. Kxh3 Nxf2+ 55. Kg3 Ne4+ 56. Kf4 Nc5 57. Ra5 Ne6+ 58.
Kg3 Kf6 59. Kf3 g6 60. Kg3 Nf8 61. Ra6+ Kg7 62. Kf4 Nd7 63. Ra7 Nf6 64. Rb7
Nd5+ 65. Ke5 Nf6 66. Kf4 Nd5+ 67. Ke5 Nf6 68. Kf4 Nd5+ 1/2-1/2

[Event "Stare Mesto OPEN"]
[Site "?"]
[Date "2004.08.18"]
[Round "7.12"]
[White "Grecescu, Gabriel Andrei"]
[Black "Weglarz, Leszek"]
[Result "1/2-1/2"]
[WhiteElo "2264"]
[BlackElo "2305"]
[PlyCount "65"]
[EventDate "2004.08.18"]
[SourceDate "2004.08.18"]

1. e4 e5 2. Nf3 Nf6 3. d4 Nxe4 4. Bd3 Nc6 5. d5 Nc5 6. Be2 e4 7. Ng5 Be7 8. h4
h6 9. Nxf7 Kxf7 10. dxc6 bxc6 11. Bh5+ Kg8 12. Be3 d5 13. Nc3 Rb8 14. Rb1 Kh7
15. Bg4 Rf8 16. b4 Ne6 17. Bxe6 Bxe6 18. a3 a5 19. Na4 axb4 20. Nc5 Bxc5 21.
Bxc5 Rf4 22. g3 Bg4 23. Qd2 Rf7 24. axb4 Qd7 25. h5 Re8 26. Be3 Re5 27. Qd4
Rxh5 28. Rxh5 Bxh5 29. Kd2 Qg4 30. Ra1 Qe2+ 31. Kc3 Bg6 32. Kb2 Qb5 33. Ra5
1/2-1/2

[Event "Stare Mesto OPEN"]
[Site "?"]
[Date "2004.08.18"]
[Round "7.13"]
[White "Kempinski, Tomasz"]
[Black "Vrana, Frantisek"]
[Result "1-0"]
[WhiteElo "2151"]
[BlackElo "2275"]
[PlyCount "77"]
[EventDate "2004.08.18"]
[SourceDate "2004.08.18"]

1. e4 e6 2. d4 d5 3. Nc3 Nf6 4. exd5 exd5 5. Bd3 Bg4 6. Nge2 Nc6 7. h3 Bh5 8.
g4 Bg6 9. O-O Ne4 10. f3 Nxc3 11. bxc3 Bd6 12. f4 f5 13. Ng3 Qh4 14. Qe1+ Ne7
15. Nxf5 Qxh3 16. Qh4 Qxh4 17. Nxh4 Kd7 18. f5 Bf7 19. Nf3 Nc6 20. Rb1 Rab8 21.
Bd2 Rhe8 22. Kg2 Na5 23. Rbe1 Nc4 24. Bxc4 dxc4 25. Ne5+ Bxe5 26. dxe5 Bd5+ 27.
Kg3 c5 28. Bf4 Kc6 29. e6 Rbd8 30. Be5 Re7 31. Rd1 b5 32. Rf2 a5 33. Rfd2 b4
34. Kf4 a4 35. g5 Rb7 36. f6 h6 37. e7 hxg5+ 38. Kf5 g6+ 39. Kxg5 1-0

[Event "Stare Mesto OPEN"]
[Site "?"]
[Date "2004.08.18"]
[Round "7.14"]
[White "Hausner, Ivan"]
[Black "Karhanek, Pavel"]
[Result "1-0"]
[WhiteElo "2419"]
[BlackElo "2211"]
[PlyCount "45"]
[EventDate "2004.08.18"]
[SourceDate "2004.08.18"]

1. c4 e5 2. Nc3 Nc6 3. Nf3 g6 4. e3 Bg7 5. d4 d6 6. d5 Nce7 7. e4 h6 8. Be2 f5
9. Nd2 Nf6 10. f3 O-O 11. b4 g5 12. Qc2 c6 13. Nb3 cxd5 14. cxd5 Nh5 15. Be3
Nf4 16. Bf1 Bd7 17. Qd2 Qe8 18. g3 Nfg6 19. Be2 Kh7 20. a4 Ng8 21. exf5 Rxf5
22. Ne4 Qe7 23. Na5 1-0

[Event "Stare Mesto OPEN"]
[Site "?"]
[Date "2004.08.18"]
[Round "7.15"]
[White "Mudrak, Josef"]
[Black "Bugalski, Michal"]
[Result "1/2-1/2"]
[WhiteElo "2353"]
[BlackElo "2216"]
[PlyCount "89"]
[EventDate "2004.08.18"]
[SourceDate "2004.08.18"]

1. Nf3 Nf6 2. b3 d5 3. g3 Bf5 4. Bg2 h6 5. c4 c6 6. Bb2 e6 7. O-O Nbd7 8. d3
Be7 9. Nbd2 O-O 10. a3 a5 11. h3 Bh7 12. Re1 Qc7 13. Rc1 Rfe8 14. Rc2 Qb6 15.
Rc1 Bf8 16. d4 Ne4 17. c5 Qc7 18. b4 axb4 19. axb4 f6 20. Qb3 Kh8 21. Nf1 Ng5
22. Nxg5 hxg5 23. e4 Bg6 24. Nd2 Reb8 25. Qc3 b6 26. exd5 exd5 27. Ra1 bxc5 28.
bxc5 Rxa1 29. Rxa1 Qb7 30. Ba3 Be7 31. h4 gxh4 32. gxh4 Nf8 33. Qg3 Ra8 34. Bb2
Rxa1+ 35. Bxa1 Kg8 36. Bc3 Bd8 37. Bh3 Bc7 38. Qe3 Bd8 39. Nf1 Qe7 40. Qxe7
Bxe7 41. Ne3 Kf7 42. Bc8 Ke8 43. Kg2 Bd3 44. Ba5 g6 45. Kg3 1/2-1/2

[Event "Stare Mesto OPEN"]
[Site "?"]
[Date "2004.08.18"]
[Round "7.16"]
[White "Kantorik, Marian"]
[Black "Vavruska, Antonin"]
[Result "1-0"]
[WhiteElo "2331"]
[BlackElo "2169"]
[PlyCount "107"]
[EventDate "2004.08.18"]
[SourceDate "2004.08.18"]

1. d4 e6 2. Nf3 f5 3. g3 d6 4. Bg2 Nf6 5. O-O Be7 6. b3 O-O 7. Bb2 Qe8 8. Nbd2
Qh5 9. Ne1 Nc6 10. Nd3 Ng4 11. h3 Nf6 12. c4 Nd8 13. e4 Qf7 14. exf5 exf5 15.
Re1 c6 16. d5 Ne4 17. Nxe4 fxe4 18. Rxe4 Bf5 19. Re2 Bf6 20. Bxf6 Qxf6 21. Rc1
c5 22. Nf4 Nf7 23. Ne6 Rfe8 24. Qd2 Re7 25. f4 h5 26. Rce1 Rae8 27. Re3 Nh6 28.
Kh2 Bg6 29. Qc3 h4 30. g4 Bf7 31. Qxf6 gxf6 32. Kg1 Bxe6 33. dxe6 Kf8 34. Kf2
Rc7 35. e7+ Rcxe7 36. Rxe7 Rxe7 37. Rxe7 Kxe7 38. Bxb7 f5 39. Kf3 Nf7 40. Bc8
fxg4+ 41. Kxg4 Nd8 42. Kxh4 Kf6 43. Kg4 Nc6 44. Bf5 Nd4 45. Bd3 Nc6 46. h4 Nd8
47. h5 Nf7 48. Kf3 Nh6 49. Ke4 Ke6 50. Bf1 Ng8 51. Bh3+ Ke7 52. Kf5 Kf7 53. Kg5
Kg7 54. Be6 1-0

[Event "Stare Mesto OPEN"]
[Site "?"]
[Date "2004.08.18"]
[Round "7.17"]
[White "Staufcik, Robert"]
[Black "Rachela, Milan"]
[Result "1/2-1/2"]
[WhiteElo "2129"]
[BlackElo "2308"]
[PlyCount "44"]
[EventDate "2004.08.18"]
[SourceDate "2004.08.18"]

1. e4 c5 2. Nf3 Nc6 3. Bb5 g6 4. Bxc6 dxc6 5. h3 Bg7 6. Nc3 Nf6 7. d3 O-O 8.
Be3 Nd7 9. Qd2 Re8 10. Bh6 Bh8 11. h4 Nf6 12. h5 c4 13. hxg6 hxg6 14. dxc4
Qxd2+ 15. Nxd2 Ng4 16. f3 Nxh6 17. Rxh6 Be5 18. O-O-O Bf4 19. Rh4 Bg5 20. Rh2
Bf4 21. Rh4 Bg5 22. Rh2 Bf4 1/2-1/2

[Event "Stare Mesto OPEN"]
[Site "?"]
[Date "2004.08.18"]
[Round "7.18"]
[White "Symbor, Przemyslaw"]
[Black "Steppuhn, Thomas"]
[Result "1/2-1/2"]
[WhiteElo "2243"]
[BlackElo "2151"]
[PlyCount "118"]
[EventDate "2004.08.18"]
[SourceDate "2004.08.18"]

1. c4 e6 2. Nf3 b6 3. g3 Bb7 4. Bg2 Nf6 5. O-O c5 6. d4 cxd4 7. Qxd4 Nc6 8. Qf4
d5 9. cxd5 Nxd5 10. Qa4 Bc5 11. Rd1 Qf6 12. e4 Nde7 13. e5 Qg6 14. b4 b5 15.
Qxb5 Qc2 16. Rf1 Bxf2+ 17. Kh1 a6 18. Qxb7 Ra7 19. Na3 Qa4 20. Qxe7+ Kxe7 21.
Rxf2 Nxb4 22. Ne1 Rd8 23. Bg5+ Ke8 24. Bxd8 Kxd8 25. Nac2 Rd7 26. Nxb4 Qxb4 27.
Nf3 h6 28. Raf1 Qc3 29. Re2 Qa5 30. Rfe1 Qc3 31. Ng1 Rd2 32. Rxd2+ Qxd2 33. Re2
Qd4 34. Bf3 Ke7 35. Kg2 g5 36. h3 a5 37. Bg4 Qc4 38. Bh5 a4 39. Bf3 a3 40. Bh5
Qc3 41. Nf3 Qd3 42. Nh2 Qb5 43. Bf3 Kf8 44. Ng4 Kg7 45. Nf6 Qb6 46. Bh5 Qd4 47.
Ng4 Qc3 48. Rf2 Qb2 49. Bxf7 Qc3 50. Bh5 Qb2 51. Kh2 Kh7 52. Bf7 Qb6 53. Bh5
Qb2 54. Nf6+ Kg7 55. Re2 Qd4 56. Bg4 Qd3 57. Kg2 Qb5 58. Bf3 Qd3 59. Bg4 Qd4
1/2-1/2

[Event "Stare Mesto OPEN"]
[Site "?"]
[Date "2004.08.18"]
[Round "7.19"]
[White "Rubal, Adam"]
[Black "Knotek, Josef"]
[Result "0-1"]
[WhiteElo "2227"]
[BlackElo "2239"]
[PlyCount "48"]
[EventDate "2004.08.18"]
[SourceDate "2004.08.18"]

1. d4 d5 2. c4 e6 3. Nc3 Nf6 4. Bg5 Be7 5. e3 c6 6. Nf3 Nbd7 7. Rc1 O-O 8. Bd3
dxc4 9. Bxc4 h6 10. Bh4 Nd5 11. Bxe7 Qxe7 12. O-O Nxc3 13. Rxc3 e5 14. dxe5
Nxe5 15. Nxe5 Qxe5 16. f4 Qe4 17. Bb3 Kh8 18. f5 f6 19. Qd2 b6 20. Rf4 Qe7 21.
Rd3 a5 22. a3 Ra7 23. Rdd4 Rd7 24. Rfe4 Qxe4 0-1

[Event "Stare Mesto OPEN"]
[Site "?"]
[Date "2004.08.18"]
[Round "7.20"]
[White "Havranek, Miroslav"]
[Black "Kapusta, Per"]
[Result "1-0"]
[WhiteElo "2238"]
[BlackElo "2132"]
[PlyCount "87"]
[EventDate "2004.08.18"]
[SourceDate "2004.08.18"]

1. e4 c5 2. Nf3 d6 3. Bb5+ Bd7 4. a4 a6 5. Bxd7+ Qxd7 6. O-O Nc6 7. c3 Nf6 8.
Re1 e6 9. d4 cxd4 10. cxd4 d5 11. e5 Ne4 12. Nbd2 Nxd2 13. Bxd2 Be7 14. Bc3 O-O
15. Qd3 Rac8 16. Nd2 Rc7 17. f4 Rfc8 18. Rf1 Bb4 19. Nb3 Bxc3 20. bxc3 Nb8 21.
Nc5 Qc6 22. Rf3 Nd7 23. Nxd7 Qxd7 24. Ra3 Rc4 25. Qd1 Qc7 26. Qb1 Rb8 27. a5
Rc5 28. Qa1 Rb5 29. f5 exf5 30. Rxf5 b6 31. axb6 R8xb6 32. Rf1 Qb7 33. Qd1 Rb1
34. Qa4 Rxf1+ 35. Kxf1 Rb1+ 36. Kf2 Rb2+ 37. Kg3 Qe7 38. h4 h5 39. Qxa6 Qd7 40.
e6 fxe6 41. Qa8+ Kh7 42. Qf8 e5 43. Qf3 e4 44. Qxh5+ 1-0

[Event "Stare Mesto OPEN"]
[Site "?"]
[Date "2004.08.18"]
[Round "7.21"]
[White "Lasinskas, Povilas"]
[Black "Krawczyk, Andrzej"]
[Result "1-0"]
[WhiteElo "2234"]
[BlackElo "2002"]
[PlyCount "72"]
[EventDate "2004.08.18"]
[SourceDate "2004.08.18"]

1. d4 Nf6 2. c4 c5 3. Nf3 cxd4 4. Nxd4 e5 5. Nb5 d5 6. cxd5 Bc5 7. e3 O-O 8.
N5c3 e4 9. a3 Nbd7 10. Nd2 Qe7 11. Be2 Nb6 12. Nc4 Rd8 13. Nxb6 Bxb6 14. Qb3
Qe5 15. Bc4 Bg4 16. h3 Bh5 17. Bd2 Rac8 18. g4 Bg6 19. O-O-O Ba5 20. Kb1 b5 21.
Nxb5 Bxd2 22. Rxd2 a6 23. Nc3 Rb8 24. Qc2 Rdc8 25. Rd4 Qd6 26. Ka1 Nd7 27. Nxe4
Qb6 28. Rb1 Nc5 29. f3 a5 30. Qd2 Bxe4 31. fxe4 Qd6 32. e5 Qxe5 33. d6 Nd7 34.
Rf1 Rxc4 35. Rxc4 Nc5 36. Rxc5 Qxc5 1-0

[Event "Stare Mesto OPEN"]
[Site "?"]
[Date "2004.08.18"]
[Round "7.23"]
[White "Ponizil, Cyril"]
[Black "Maryasin, Boris"]
[Result "0-1"]
[WhiteElo "2111"]
[BlackElo "2394"]
[PlyCount "58"]
[EventDate "2004.08.18"]
[SourceDate "2004.08.18"]

1. e4 c5 2. Nf3 Nc6 3. d4 cxd4 4. Nxd4 Qb6 5. Nb3 Nf6 6. Bd3 e6 7. O-O Be7 8.
c4 O-O 9. Nc3 d6 10. Be3 Qd8 11. f4 b6 12. Nd4 Nxd4 13. Bxd4 e5 14. Be3 Ng4 15.
Nd5 Nxe3 16. Nxe3 exf4 17. Nd5 Bf6 18. Qc2 Bd4+ 19. Kh1 g5 20. e5 dxe5 21.
Bxh7+ Kg7 22. Be4 Rh8 23. Rad1 Bg4 24. Rxd4 exd4 25. Qd3 Qd6 26. Qxd4+ f6 27.
b4 Rac8 28. c5 bxc5 29. bxc5 Qxc5 0-1

[Event "Stare Mesto OPEN"]
[Site "?"]
[Date "2004.08.18"]
[Round "7.24"]
[White "Jurcik, Marian"]
[Black "Shanel, Jaroslav"]
[Result "1-0"]
[WhiteElo "2278"]
[BlackElo "2128"]
[PlyCount "71"]
[EventDate "2004.08.18"]
[SourceDate "2004.08.18"]

1. e4 d6 2. d4 Nf6 3. Nc3 c6 4. f3 Qc7 5. Be3 e5 6. Qd2 Be7 7. Nge2 Be6 8. g4
g6 9. g5 Nh5 10. Ng3 Qa5 11. Nxh5 gxh5 12. h4 Na6 13. Ne2 Qa4 14. a3 c5 15. b3
Qb5 16. Ng3 Qb6 17. d5 Bd7 18. Nxh5 O-O-O 19. Bd3 Rdg8 20. Qe2 Nc7 21. b4 Nb5
22. Bxb5 Bxb5 23. c4 Bd7 24. Rb1 Qa6 25. Kf2 h6 26. Rbg1 hxg5 27. hxg5 Rg6 28.
Qb2 Rhg8 29. bxc5 Bxg5 30. Bxg5 Rxg5 31. Rxg5 Rxg5 32. Nf6 dxc5 33. Rh8+ Kc7
34. d6+ Kc6 35. Qd2 Qxc4 36. Qxg5 1-0

[Event "Stare Mesto OPEN"]
[Site "?"]
[Date "2004.08.18"]
[Round "7.25"]
[White "Nutiu, Adrian Mihail"]
[Black "Buran, Jaroslav"]
[Result "1/2-1/2"]
[WhiteElo "2104"]
[BlackElo "2235"]
[PlyCount "133"]
[EventDate "2004.08.18"]
[SourceDate "2004.08.18"]

1. d4 Nf6 2. c4 c5 3. dxc5 e5 4. Nc3 Bxc5 5. Nf3 e4 6. Nd4 O-O 7. e3 Re8 8. Be2
Nc6 9. O-O a6 10. a3 Qc7 11. b4 Ba7 12. Bb2 Nxd4 13. exd4 Qf4 14. Bc1 Qf5 15.
Be3 d5 16. c5 Bb8 17. a4 h5 18. Ra3 Ng4 19. Bxg4 hxg4 20. Ne2 Qh7 21. Bf4 Re6
22. Bxb8 Rxb8 23. Qd2 Rf6 24. Qg5 Be6 25. Qe5 Re8 26. Qg3 Qh6 27. b5 axb5 28.
axb5 Bd7 29. c6 bxc6 30. b6 Qd2 31. b7 Qb2 32. Rb3 Qxe2 33. b8=Q Rxb8 34. Rxb8+
Kh7 35. Qe3 Qxe3 36. fxe3 Kg6 37. Rd8 Rd6 38. Rf4 f5 39. Rf2 Kf6 40. Ra2 Ke7
41. Rh8 Rf6 42. Ra7 Ke6 43. g3 Rf7 44. Rb8 Kd6 45. Rbb7 Ke6 46. Kg2 Kd6 47. h4
gxh3+ 48. Kh2 g5 49. Rb8 f4 50. gxf4 gxf4 51. exf4 Rxf4 52. Rd8 Rf7 53. Rh8 Re7
54. Rh6+ Re6 55. Rh7 Bc8 56. Rxh3 e3 57. Rh8 Bd7 58. Rh7 Bc8 59. Rh8 Re4 60.
Rd8+ Ke6 61. Rxc8 e2 62. Re8+ Kf5 63. Rxe4 Kxe4 64. Ra1 Kxd4 65. Kg2 Ke3 66.
Ra3+ Kd2 67. Ra2+ 1/2-1/2

[Event "Stare Mesto OPEN"]
[Site "?"]
[Date "2004.08.18"]
[Round "7.26"]
[White "Kolesar, Michal"]
[Black "Holeksa, Zdenek"]
[Result "1-0"]
[WhiteElo "2085"]
[BlackElo "2223"]
[PlyCount "79"]
[EventDate "2004.08.18"]
[SourceDate "2004.08.18"]

1. d4 Nf6 2. c4 e6 3. Nf3 b6 4. e3 Bb7 5. Bd3 d5 6. Nc3 Be7 7. O-O O-O 8. b3 c5
9. Bb2 cxd4 10. Nxd4 Nbd7 11. Rc1 Ne5 12. cxd5 Nxd5 13. Bxh7+ Kxh7 14. Qh5+ Kg8
15. Qxe5 Bd6 16. Qh5 Nf6 17. Qe2 Rc8 18. Rfd1 a6 19. e4 Rxc3 20. Rxc3 Bxe4 21.
Rh3 Bd5 22. Nf5 exf5 23. Bxf6 Qxf6 24. Qh5 Qh6 25. Qxf5 Be6 26. Rxh6 Bxh2+ 27.
Kxh2 Bxf5 28. Rxb6 Bc8 29. Rc1 g6 30. Rb8 Bd7 31. Rxf8+ Kxf8 32. Rc7 Bb5 33. a4
Bd3 34. b4 Kg7 35. Kg3 Kf6 36. Kf4 Ke6 37. Ke3 Bf1 38. g3 f6 39. Rc1 Bh3 40.
Rc6+ 1-0

[Event "Stare Mesto OPEN"]
[Site "?"]
[Date "2004.08.18"]
[Round "7.27"]
[White "Tsyfanskaja, Ludmila A"]
[Black "Balazec, Ludovit"]
[Result "1-0"]
[WhiteElo "2216"]
[BlackElo "2088"]
[PlyCount "143"]
[EventDate "2004.08.18"]
[SourceDate "2004.08.18"]

1. e4 c5 2. Nf3 d6 3. c3 Nf6 4. d3 e5 5. g3 Be7 6. Bg2 O-O 7. O-O Nc6 8. Re1 h6
9. Nbd2 Be6 10. Nf1 Qd7 11. Ne3 b5 12. Nh4 Rfd8 13. Nd5 Rac8 14. Nxe7+ Nxe7 15.
f4 exf4 16. gxf4 Bg4 17. Qc2 Nh7 18. f5 Kh8 19. Qf2 d5 20. h3 Bh5 21. e5 f6 22.
e6 Qb7 23. Be3 Qb6 24. d4 c4 25. Kh1 a5 26. Bf3 Bxf3+ 27. Qxf3 Qc6 28. Rg1 Rg8
29. Ng6+ Nxg6 30. Rxg6 b4 31. Rag1 a4 32. Qg4 Qe8 33. Rxg7 Ng5 34. Rxg8+ Qxg8
35. Qh5 Qh7 36. h4 Ne4 37. e7 Qxe7 38. Bxh6 Nf2+ 39. Kh2 Qc7+ 40. Bf4+ Qh7 41.
Qxh7+ Kxh7 42. cxb4 Nd3 43. Bd2 Nxb2 44. Bc3 a3 45. Re1 Na4 46. Re7+ Kg8 47.
Re3 Kf7 48. Kg3 Rg8+ 49. Kf3 Rg1 50. Be1 Rf1+ 51. Ke2 Rxf5 52. Rxa3 Nb6 53. Ra6
Nd7 54. Bg3 Rh5 55. b5 Rh8 56. b6 Re8+ 57. Kf3 Nxb6 58. Rxb6 Ra8 59. Rd6 Rxa2
60. Rxd5 Rd2 61. Bf2 Rd3+ 62. Be3 Ra3 63. Rc5 c3 64. h5 Ke6 65. h6 f5 66. h7
Ra8 67. Rxc3 Rh8 68. Rc7 Kd5 69. Bg5 Ke6 70. Bf4 Ra8 71. Be5 Ra3+ 72. Ke2 1-0

[Event "Stare Mesto OPEN"]
[Site "?"]
[Date "2004.08.18"]
[Round "7.28"]
[White "Stamoudis, Chrysafis"]
[Black "Medunova, Vera"]
[Result "0-1"]
[WhiteElo "2075"]
[BlackElo "2191"]
[PlyCount "98"]
[EventDate "2004.08.18"]
[SourceDate "2004.08.18"]

1. e4 c5 2. f4 d5 3. Nc3 d4 4. Nb1 Nf6 5. Bb5+ Bd7 6. Bxd7+ Qxd7 7. d3 Nc6 8.
Nf3 e6 9. O-O Be7 10. Nbd2 O-O 11. Nc4 b5 12. Nce5 Qc7 13. a4 b4 14. b3 Nd7 15.
Nxd7 Qxd7 16. Ne5 Qc7 17. Nxc6 Qxc6 18. f5 exf5 19. Rxf5 g6 20. Rf2 Bh4 21. g3
Bf6 22. Qf3 Bg7 23. Bd2 Rae8 24. Raf1 Re6 25. g4 a5 26. Re1 Rf6 27. Qg2 Rxf2
28. Qxf2 Qe6 29. Qf3 Re8 30. Rf1 Qd7 31. h3 Re6 32. Kg2 Be5 33. Bf4 Rf6 34. Qg3
Rxf4 35. Rxf4 Qc7 36. Kf3 g5 37. Ke2 Bxf4 38. Qf3 Qe5 39. Kf2 Kg7 40. Kg2 Be3
41. Qg3 Qxg3+ 42. Kxg3 Kf6 43. Kg2 Ke5 44. Kf3 h6 45. Kg3 Bd2 46. Kf3 Be1 47.
Ke2 Bh4 48. Kf3 f6 49. Ke2 Kf4 0-1

[Event "Stare Mesto OPEN"]
[Site "?"]
[Date "2004.08.18"]
[Round "7.29"]
[White "Valenta, Vit"]
[Black "Chrast, Adrian"]
[Result "1-0"]
[WhiteElo "2182"]
[BlackElo "2089"]
[PlyCount "99"]
[EventDate "2004.08.18"]
[SourceDate "2004.08.18"]

1. e4 c5 2. Nc3 d6 3. f4 Nc6 4. Nf3 Bg4 5. Be2 e6 6. O-O Be7 7. d3 a6 8. h3
Bxf3 9. Bxf3 Nd4 10. e5 d5 11. Ne2 Nxf3+ 12. Rxf3 g6 13. g4 Qd7 14. Qf1 f5 15.
exf6 Bxf6 16. Be3 d4 17. Bd2 Ne7 18. Ng3 O-O 19. Ne4 Qd5 20. b3 Bg7 21. Re1
Rae8 22. Qg2 Kh8 23. Ref1 b6 24. h4 e5 25. f5 gxf5 26. gxf5 Bf6 27. Bg5 Ng8 28.
Kh2 Qf7 29. Nd6 Qe7 30. Nxe8 Rxe8 31. Rg1 Qc7 32. Rg3 Qf7 33. Bxf6+ Nxf6 34.
Rg7 Qh5 35. Qg3 Qe2+ 36. Rg2 Qh5 37. Rg5 Qf7 38. h5 Nxh5 39. Qh4 Nf6 40. Qh6 b5
41. Kg1 c4 42. Rg7 Qf8 43. Qg5 cxd3 44. cxd3 Rc8 45. Ra7 h6 46. Qg6 h5 47. Rf7
Rc1+ 48. Kh2 Ng4+ 49. Rxg4 Qxf7 50. Qh6+ 1-0

[Event "Stare Mesto OPEN"]
[Site "?"]
[Date "2004.08.18"]
[Round "7.30"]
[White "Foglia, Maurizio"]
[Black "Kovacik, Emil"]
[Result "1/2-1/2"]
[WhiteElo "2083"]
[BlackElo "2178"]
[PlyCount "63"]
[EventDate "2004.08.18"]
[SourceDate "2004.08.18"]

1. Nf3 d5 2. b3 Nf6 3. Bb2 Bf5 4. d3 e6 5. g3 Nbd7 6. Bg2 Bb4+ 7. Nbd2 O-O 8.
O-O h6 9. a3 Bd6 10. Qe1 e5 11. e4 Be6 12. d4 Nxe4 13. dxe5 Nxd2 14. Qxd2 Bc5
15. Nd4 Qe7 16. f4 f6 17. exf6 Nxf6 18. Rae1 Qd7 19. Kh1 Bh3 20. Bxh3 Qxh3 21.
Nf3 c6 22. Bxf6 Rxf6 23. b4 Bd6 24. a4 Raf8 25. Ng1 Qf5 26. c3 a5 27. bxa5 Ra8
28. Nf3 Rxa5 29. Nd4 Qd7 30. Qc2 Rc5 31. Nb3 Rc4 32. Nd2 1/2-1/2

[Event "Stare Mesto OPEN"]
[Site "?"]
[Date "2004.08.19"]
[Round "8.1"]
[White "Plachetka, Jan"]
[Black "Klima, Lukas"]
[Result "1/2-1/2"]
[WhiteElo "2435"]
[BlackElo "2432"]
[PlyCount "20"]
[EventDate "2004.08.19"]
[SourceDate "2004.08.19"]

1. d4 Nf6 2. c4 e6 3. Nf3 b6 4. e3 Bb7 5. Bd3 d5 6. O-O Bd6 7. Nc3 Nbd7 8. Qe2
O-O 9. e4 dxc4 10. Bxc4 e5 1/2-1/2

[Event "Stare Mesto OPEN"]
[Site "?"]
[Date "2004.08.19"]
[Round "8.2"]
[White "Kotan, Ladislav"]
[Black "Lechtysky, Jiri"]
[Result "0-1"]
[WhiteElo "2325"]
[BlackElo "2485"]
[PlyCount "136"]
[EventDate "2004.??.??"]
[SourceDate "2004.08.19"]

1. e4 c6 2. Nc3 d5 3. Nf3 Bg4 4. Be2 e6 5. h3 Bxf3 6. Bxf3 g6 7. d3 Bg7 8. Bd2
Ne7 9. Qc1 Nd7 10. O-O O-O 11. Bh6 Bxh6 12. Qxh6 Qb6 13. Rab1 Qd4 14. h4 a6 15.
h5 Rfe8 16. g3 Qg7 17. Qxg7+ Kxg7 18. hxg6 hxg6 19. Kg2 Rh8 20. Rh1 Rxh1 21.
Rxh1 b5 22. a3 Rb8 23. Ra1 d4 24. Nb1 Nc5 25. b3 e5 26. Nd2 Nc8 27. Bg4 Nd6 28.
f4 f6 29. fxe5 fxe5 30. Nf3 Nf7 31. b4 Nb7 32. Be6 Nbd8 33. Bb3 a5 34. Kf2 Ra8
35. Rf1 Ra7 36. Ke2 Re7 37. Kd2 axb4 38. axb4 Ne6 39. Ra1 Neg5 40. Nh2 Nh6 41.
Ra8 Rc7 42. Rb8 Kf6 43. Rh8 Kg7 44. Re8 Kf6 45. Ke2 Rd7 46. Rc8 Rd6 47. Rc7
Ngf7 48. Kd2 Ng5 49. Rc8 Kg7 50. Re8 Kf6 51. Ke2 Rd7 52. Nf3 Nhf7 53. Nh4 Nd6
54. Rg8 Rg7 55. Rd8 Ke7 56. Ra8 Ngf7 57. Ra6 Nd8 58. Ra7+ Kf6 59. Ra8 Ne6 60.
Rh8 Ng5 61. Rf8+ Ke7 62. Ra8 Ngf7 63. Ra7+ Kf6 64. Rd7 Ne8 65. Ra7 Nd8 66. Ra8
Rd7 67. Ra6 Nc7 68. Ra8 Nxa8 0-1

[Event "Stare Mesto OPEN"]
[Site "?"]
[Date "2004.08.19"]
[Round "8.3"]
[White "Rat, Dan Ovidiu"]
[Black "Bazant, Petr jr"]
[Result "1-0"]
[WhiteElo "2306"]
[BlackElo "2384"]
[PlyCount "81"]
[EventDate "2004.??.??"]
[SourceDate "2004.08.19"]

1. Nf3 d5 2. g3 Nd7 3. c4 e5 4. Bg2 e4 5. Ng1 c6 6. Nc3 Ngf6 7. d3 Bb4 8. Bd2
exd3 9. cxd5 cxd5 10. Nxd5 Nxd5 11. Bxd5 Bxd2+ 12. Qxd2 O-O 13. Qxd3 Ne5 14.
Qd2 Re8 15. Rd1 Bf5 16. Kf1 Qb6 17. Qd4 Qb5 18. Bb3 Qc6 19. Bd5 Qa6 20. Kg2
Rad8 21. Nf3 Qxe2 22. Rhe1 Nxf3 23. Bxf3 Rxd4 24. Rxe2 Rxe2 25. Rxd4 Re8 26.
Bxb7 g6 27. Bf3 Re7 28. h4 h5 29. Ra4 Be6 30. b4 Bc4 31. Ra5 Kf8 32. b5 Ke8 33.
a4 Kd8 34. Ra6 Bb3 35. a5 Bc4 36. Rd6+ Rd7 37. Rxd7+ Kxd7 38. b6 axb6 39. axb6
Bb5 40. b7 Kc7 41. Bd5 1-0

[Event "Stare Mesto OPEN"]
[Site "?"]
[Date "2004.08.19"]
[Round "8.4"]
[White "Vesselovsky, Serguei"]
[Black "Savage, Ben D"]
[Result "1-0"]
[WhiteElo "2383"]
[BlackElo "2204"]
[PlyCount "57"]
[EventDate "2004.??.??"]
[SourceDate "2004.08.19"]

1. e4 c5 2. g3 d5 3. exd5 Qxd5 4. Nf3 Bg4 5. Bg2 Qe6+ 6. Kf1 Nc6 7. h3 Bh5 8.
d3 Qd7 9. Na3 e6 10. g4 Bg6 11. Nh4 Be7 12. Nxg6 hxg6 13. Nc4 Nf6 14. a4 Nd5
15. h4 Rxh4 16. Rxh4 Bxh4 17. g5 Nb6 18. Qg4 Nxc4 19. Qxh4 Nb6 20. a5 Nc8 21.
Qh8+ Ke7 22. Be3 Nd4 23. a6 Rb8 24. Bf4 Nxc2 25. Bxb8 Nxa1 26. axb7 Qxd3+ 27.
Kg1 Qd1+ 28. Bf1 Qg4+ 29. Bg3 1-0

[Event "Stare Mesto OPEN"]
[Site "?"]
[Date "2004.08.19"]
[Round "8.5"]
[White "Zpevak, Pavel"]
[Black "Jurkiewicz, Krzysztof"]
[Result "1/2-1/2"]
[WhiteElo "2355"]
[BlackElo "2290"]
[PlyCount "24"]
[EventDate "2004.??.??"]
[SourceDate "2004.08.19"]

1. Nf3 g6 2. d4 Nf6 3. Bf4 Bg7 4. e3 O-O 5. Be2 d6 6. h3 c6 7. O-O Qb6 8. Nbd2
d5 9. Qc1 c5 10. c3 Nc6 11. Ne5 Nd7 12. Nxd7 Bxd7 1/2-1/2

[Event "Stare Mesto OPEN"]
[Site "?"]
[Date "2004.08.19"]
[Round "8.6"]
[White "Dochev, Dimitar"]
[Black "Kempinski, Tomasz"]
[Result "1/2-1/2"]
[WhiteElo "2353"]
[BlackElo "2151"]
[PlyCount "32"]
[EventDate "2004.??.??"]
[SourceDate "2004.08.19"]

1. e4 c5 2. Nf3 g6 3. d4 Bg7 4. c3 cxd4 5. cxd4 Nf6 6. e5 Ne4 7. Bd3 Qa5+ 8.
Nbd2 Nxd2 9. Bxd2 Qb6 10. Bc3 O-O 11. O-O d6 12. h3 dxe5 13. dxe5 Nc6 14. Qe2
Be6 15. Bc4 Bxc4 16. Qxc4 Rac8 1/2-1/2